<?xml version="1.0" encoding="UTF-8"?>
<record
    xmlns:xsi="http://www.w3.org/2001/XMLSchema-instance"
    xsi:schemaLocation="http://www.loc.gov/MARC21/slim http://www.loc.gov/standards/marcxml/schema/MARC21slim.xsd"
    xmlns="http://www.loc.gov/MARC21/slim">

  <leader>01471nam a2200313 u 4500</leader>
  <controlfield tag="001">581830</controlfield>
  <controlfield tag="005">20260506084258.0</controlfield>
  <controlfield tag="008">000226s1999                        spa  </controlfield>
  <datafield tag="035" ind1=" " ind2=" ">
    <subfield code="a">581830</subfield>
  </datafield>
  <datafield tag="035" ind1=" " ind2=" ">
    <subfield code="a">(OCoLC)777766830</subfield>
  </datafield>
  <datafield tag="040" ind1=" " ind2=" ">
    <subfield code="c">comduadb</subfield>
  </datafield>
  <datafield tag="041" ind1=" " ind2=" ">
    <subfield code="a">spa</subfield>
  </datafield>
  <datafield tag="082" ind1=" " ind2="4">
    <subfield code="a">070</subfield>
  </datafield>
  <datafield tag="100" ind1="1" ind2="0">
    <subfield code="a">Mejia Munera, Clara Marcela</subfield>
    <subfield code="4">aut</subfield>
    <subfield code="e">aut</subfield>
    <subfield code="9">302252</subfield>
  </datafield>
  <datafield tag="240" ind1="1" ind2="0">
    <subfield code="a">Premio Nacional de Reportaje y Cronica Periodistica Universidad de Antioquia, 1999.</subfield>
  </datafield>
  <datafield tag="245" ind1="1" ind2="0">
    <subfield code="a">Medell&#xED;n, una historia de contradicciones</subfield>
  </datafield>
  <datafield tag="260" ind1=" " ind2=" ">
    <subfield code="a">Medell&#xED;n :</subfield>
    <subfield code="b">[sin publicador],</subfield>
    <subfield code="c">1999.</subfield>
  </datafield>
  <datafield tag="300" ind1=" " ind2=" ">
    <subfield code="a">179 hojas.</subfield>
  </datafield>
  <datafield tag="505" ind1=" " ind2=" ">
    <subfield code="a">CONTENIDO : 1: Cuando el barrando se volvi&#xF3; ciudad. -- 2: La ruleta rusa. -- 3: A falta de justicia una justicia miliciana. -- 4: La tranquilidad secuestrada. -- 5: La muerte tiene su santo. -- 6: Sin reconciliaci&#xF3;n. -- 7: Los doctores de la guerra. -- 8: El apag&#xF3;n. -- 9. -- Una catedral para pablo. -- 10: La luz de la esperanza. -- 11: Por fin un pacto. -- 12. -- Epilogo.</subfield>
  </datafield>
  <datafield tag="586" ind1=" " ind2=" ">
    <subfield code="a">PREMIOS : Segundo premio nacional de reportaje y cr&#xF3;nica period&#xED;stica, Universidad de Antioquia 1999.</subfield>
  </datafield>
  <datafield tag="650" ind1=" " ind2="7">
    <subfield code="a">Violencia</subfield>
    <subfield code="z">Medell&#xED;n (Antioquia, Colombia)</subfield>
    <subfield code="2">lemb</subfield>
    <subfield code="9">166342</subfield>
  </datafield>
  <datafield tag="650" ind1=" " ind2=" ">
    <subfield code="a">Narcotr&#xE1;fico - Antioquia</subfield>
    <subfield code="9">29754</subfield>
  </datafield>
  <datafield tag="650" ind1=" " ind2=" ">
    <subfield code="a">Milicias populares</subfield>
    <subfield code="9">39737</subfield>
  </datafield>
  <datafield tag="650" ind1=" " ind2=" ">
    <subfield code="a">Secuestro</subfield>
    <subfield code="9">175541</subfield>
  </datafield>
  <datafield tag="650" ind1=" " ind2="7">
    <subfield code="a">Pol&#xED;tica social</subfield>
    <subfield code="2">embne</subfield>
    <subfield code="9">159291</subfield>
  </datafield>
  <datafield tag="650" ind1=" " ind2="7">
    <subfield code="a">Cr&#xF3;nicas period&#xED;sticas</subfield>
    <subfield code="2">armarc</subfield>
    <subfield code="9">42879</subfield>
  </datafield>
  <datafield tag="700" ind1="0" ind2="0">
    <subfield code="a">Osiris, seud.</subfield>
    <subfield code="4">aut</subfield>
    <subfield code="e">aut</subfield>
    <subfield code="9">301794</subfield>
  </datafield>
  <datafield tag="942" ind1=" " ind2=" ">
    <subfield code="c">BOOK</subfield>
  </datafield>
  <datafield tag="999" ind1=" " ind2=" ">
    <subfield code="c">142824</subfield>
    <subfield code="d">142824</subfield>
  </datafield>
  <datafield tag="952" ind1=" " ind2=" ">
    <subfield code="0">0</subfield>
    <subfield code="1">0</subfield>
    <subfield code="4">0</subfield>
    <subfield code="7">0</subfield>
    <subfield code="8">ANTIOQUIA</subfield>
    <subfield code="a">BC</subfield>
    <subfield code="b">BC</subfield>
    <subfield code="d">2000-02-26</subfield>
    <subfield code="i">C624258</subfield>
    <subfield code="l">0</subfield>
    <subfield code="o">303.62 O82m</subfield>
    <subfield code="p">61000004292051</subfield>
    <subfield code="r">2023-04-22 00:00:00</subfield>
    <subfield code="t">1</subfield>
    <subfield code="w">2023-04-22</subfield>
    <subfield code="y">BOOKI</subfield>
  </datafield>
</record>
